000 00729nam a2200181 4500
001 132686
003 ES-MaACL
005 20230906194228.0
007 t|
008 070214s1967 sp r ||||1| spa d
100 1 _aRorschach, Hermann.
_999559
245 1 0 _aObras menores e inéditas
_b: Psicopatología de las sectas : Origen y evolución del psicodiagnóstico : Biografía, personalidad e ideario /
_cpor Hermann Rorschach ; recopiladas por K. W. Bash ; versión española y prólogo por el Dr. Alfredo Guera Miralles.
260 _aMadrid :
_bMorata,
_c1967.
300 _a350 p., 3 lám. ;
_c24 cm.
700 1 _aBash, K. W.
_926283
700 1 _aGuera Miralles, Alfredo.
_960449
852 _aES-MaACL
_jC-33507
_bR.63600
999 _c132686
_d132686